01378cam a22002894a 450000100090000000300040000900500170001300800410003001000170007102000180008803500240010604000100013004200080014005000220014808200180017010000220018824501010021025000120031126000310032330000340035450400510038850505570043965000160099665000270101265000240103970000250106316998291OSt20150408114126.0111013s2013 maua b 001 0 eng  a 2011042236 a9780273770084 a(OCoLC)ocn757935757 aMa-un apcc00aHD31b.B7197 201300a658.5 BCI2231 aBozarth, Cecil C.10aIntroduction to operations and supply chain management /cCecil C. Bozarth, Robert B. Handfield. a3rd ed. aBoston :bPearson,cc2013. axviii,507p. :bill. ;c29 cm. aIncludes bibliographical references and index.0 aIntroduction to operations & supply chain management -- Operations and supply chain strategies -- Strategic choices in manufacturing & service operations -- Business processes -- Quality management -- Capacity decisions (6S : process flow and capacity analysis) -- Sourcing & purchasing -- Logistics -- Forecasting -- Sales & operations planning -- Managing inventory throughout the supply chain -- Managing production across the supply chain (12s SC information systems) -- JIT/Lean production -- Managing projects -- Developing products and services. 0aManagement. 0aProduction management. 0aBusiness logistics.1 aHandfield, Robert B.